000 01267nam a2200241Ii 4500
003 JO-AjNU
005 20240626114121.0
008 230605s9999||||xx |||||||||||||| ||und||
040 _aJO-AjNU
_bara
_erda
_cJO-AjNU
041 _aara
050 1 4 _aHG4636.2022
100 1 _aالعرود، محمد وجيه احمد
_eمعد
_965685
245 0 0 _aاثر مؤشرات ربحية السهم الواحد والسعر الى الربحية على عائد اسهم الشركات الصناعية المدرجة في بورصة عمان=The Impact of Earnings per Share and Price-to-Earnings Indicators on the Return on Shares of Industrial Companies Listed on the Amman Stock Exchange /
_cاعداد محمد وجيه احمد العرود؛ اشراف علي عبدالله الزعبي
264 3 1 _a2022
300 _a84 ورقة
336 _atext
_btxt
_2rdacontent
337 _aunmediated
_bn
_2rdamedia
338 _avolume
_bnc
_2rdacarrier
500 _aرسالة جامعية(اطروحة ماجستير) تخصص المحاسبة /كلية الاعمال، جامعة عجلون الوطنية، 2022
650 4 _aالاسهم-الشركات-الاردن
_963383
700 1 _aالزعبي، علي عبدالله
_965219
_eمشرف
942 _2lcc
_cTHS
999 _c32314
_d32314